书目信息 |
| 题名: |
收费公路联网收费技术要求
|
|
| 作者: | ;中国交通部公路科学研究院 主编 | |
| 分册: | ||
| 出版信息: | 北京 人民交通出版社 2007.10 |
|
| 页数: | 236页 | |
| 开本: | 30cm | |
| 丛书名: | ||
| 单 册: | ||
| 中图分类: | F542.5-65 | |
| 科图分类: | ||
| 主题词: | 陆路运输--运输经济 , 公路运输--运输经济 | |
| 电子资源: | ||
| ISBN: | ||
| 000 | 00759nam0 2200205 450 | |
| 001 | 1443797777 | |
| 005 | 20140504121128.93 | |
| 010 | @dCNY62.00 | |
| 100 | @a20140504d2007 km y0chiy0120 ea | |
| 101 | 0 | @achi |
| 102 | @aCN@b110000 | |
| 200 | 1 | @a收费公路联网收费技术要求@Ashou fei gong lu lian wang shou fei ji shu yao qiu@f中国交通部公路科学研究院主编@Fzhong guo jiao tong bu gong lu ke xue yan jiu yuan zhu bian |
| 210 | @a北京@c人民交通出版社@d2007.10 | |
| 215 | @a236页@d30cm | |
| 606 | 0 | @a陆路运输@x运输经济 |
| 606 | 0 | @a公路运输@x运输经济 |
| 690 | @aF542.5-65@v4 | |
| 711 | 02 | @a中国交通部公路科学研究院@Azhong guo jiao tong bu gong lu ke xue yan jiu yuan@4主编 |
| 801 | 0 | @aCN@b大连网信软件有限公司图书馆·11@c20140504 |
| 905 | @aZUCC@dF542.5-65@eZ566 | |
| 收费公路联网收费技术要求/中国交通部公路科学研究院主编.-北京:人民交通出版社,2007.10 |
| 236页;30cm |
| ISBN :CNY62.00 |
| ● |
| 相关链接 |
|
|
|
正题名:收费公路联网收费技术要求
索取号:F542.5-65/Z566
 
预约/预借
| 序号 | 登录号 | 条形码 | 馆藏地/架位号 | 状态 | 备注 |
| 1 | 493126 | 204931262 | 土木与交通工程学院资料室/ [索取号:F542.5-65/Z566] | 在馆 | |
| 2 | 493127 | 204931271 | 土木与交通工程学院资料室/ [索取号:F542.5-65/Z566] | 在馆 | |
| 3 | 493128 | 204931280 | 土木与交通工程学院资料室/ [索取号:F542.5-65/Z566] | 在馆 | |
| 4 | 493129 | 204931299 | 土木与交通工程学院资料室/ [索取号:F542.5-65/Z566] | 在馆 | |
| 5 | 493130 | 204931306 | 土木与交通工程学院资料室/ [索取号:F542.5-65/Z566] | 在馆 |